Transgênicos para quem? : (Registro nro. 20361)
[ vista simple ]
| 000 -CABECERA | |
|---|---|
| Campo de control | 00974cam a22002777a 4500 |
| 005 - FECHA Y HORA DE LA ULTIMA TRANSACCION | |
| Campo de control | 20200104041804.0 |
| 008 - ELEMENTOS DE LONGITUD FIJA—INFORMACION GENERAL | |
| Campo de control | 110517s2011 bl a b f000 0 por |
| 020 ## - ISBN | |
| ISBN | 9788560548774 |
| 040 ## - FUENTE DE CATALOGACIÓN | |
| Agencia catalogadora original | DLC |
| Agencia transcriptora | DLC |
| Agencia Modificadora | CO-BoIAVH |
| 041 0# - IDIOMA | |
| Código de idioma para texto/pista de sonido o título separado | Portugués |
| 044 ## - PAÍS DE PUBLICACIÓN | |
| País de publicación | Brasil |
| 082 04 - NUMERO DE CLASIFICACION DECIMAL DEWEY | |
| Número de clasificación | 338.17 |
| Número del ítem | T77p |
| 245 00 - MENCION DE TITULO | |
| Título | Transgênicos para quem? : |
| Parte restante del título | agricultura, ciência, sociedade / |
| Mención de responsabilidad | Magda Zanoni, Gilles Ferment, organizadores. |
| 260 ## - PUBLICACION, DISTRIBUCION, ETC. (PIE DE IMPRENTA) | |
| Lugar de publicación, distribución, etc. | Brasília (Brasi) : |
| Nombre del editor, distribuidor, etc. | Ministério do Desenvolvimento Agrário, |
| Fecha de publicación, distribución, etc. | 2011. |
| 300 ## - DESCRIPCION FISICA | |
| Extensión | 536 páginas : |
| Otros detalles físicos | ilustraciones ; |
| Dimensiones | 23 x 16 cm. |
| 490 0# - MENCION DE SERIE | |
| Mención de serie | Série NEAD debate ; |
| Designación numérica/secuencial del volumen | 24 |
| 504 ## - NOTA DE BIBLIOGRAFIA, ETC. | |
| Nota de bibliografía | Incluye referencias bibliográficas. |
| 650 26 - ASIENTO SECUNDARIO DE MATERIA - TERMINO TEMATICO | |
| Término temático o nombre geográfico como elemento de entrada | Agricultura |
| 9 (RLIN) | 304 |
| 650 26 - ASIENTO SECUNDARIO DE MATERIA - TERMINO TEMATICO | |
| 9 (RLIN) | 95154 |
| Término temático o nombre geográfico como elemento de entrada | Agronomía |
| 650 26 - ASIENTO SECUNDARIO DE MATERIA - TERMINO TEMATICO | |
| 9 (RLIN) | 4299 |
| Término temático o nombre geográfico como elemento de entrada | Bioseguridad |
| 650 26 - ASIENTO SECUNDARIO DE MATERIA - TERMINO TEMATICO | |
| Término temático o nombre geográfico como elemento de entrada | Transgénicos |
| 9 (RLIN) | 5810 |
| 700 1# - ASIENTO SECUNDARIO - NOMBRE PERSONAL | |
| Nombre personal | Zanoni, Magda. |
| 9 (RLIN) | 101419 |
| Término de relación | organizadora |
| 700 1# - ASIENTO SECUNDARIO - NOMBRE PERSONAL | |
| Nombre personal | Ferment, Gilles. |
| 9 (RLIN) | 101420 |
| Término de relación | organizador |
| 710 1# - ASIENTO SECUNDARIO - NOMBRE CORPORATIVO | |
| 9 (RLIN) | 101421 |
| Nombre corporativo o de jurisdicción como elemento de entrada | Brasil |
| Unidad subordinada | Ministério do Desenvolvimiento |
| 942 ## - ELEMENTOS ADICIONALES (KOHA) | |
| Sistema de clasificación | Dewey Decimal Classification |
| Tipo de ítem | Libro |
| Withdrawn status | Lost status | Sistema de Clasificación | Damaged status | No para préstamo | Colección | Inventariado | Ubicación Permanente | Ubicación actual | Fecha de adquisición | Total Checkouts | Número topográfico | Inventario / Código de Barras | Date last seen | Ejemplar | Price effective from | Forma de adquisición | Tipo de material |
|---|---|---|---|---|---|---|---|---|---|---|---|---|---|---|---|---|---|
| Dewey Decimal Classification | General | Inventariado 2018 | Bogotá | Bogotá | 17/11/2018 | LB-338.17 T77p | 030203 | 17/11/2018 | Ej. 1 | 17/11/2018 | Donación | Libro |